|
|
|
|
| LEADER |
00000nam0a2200000 4500 |
| 001 |
250555 |
| 005 |
20231101232556.0 |
| 010 |
|
|
|a 5250005993
|
| 035 |
|
|
|a (RuTPU)RU\TPU\book\272764
|
| 090 |
|
|
|a 250555
|
| 100 |
|
|
|a 20140214d1989 km y0rusy50 ca
|
| 101 |
0 |
|
|a rus
|
| 102 |
|
|
|a RU
|
| 105 |
|
|
|a y e 000zy
|
| 200 |
1 |
|
|a Краткий словарь по научному коммунизму
|f под ред. В. Г. Афанасьева, В. Т. Калтахчяна
|
| 210 |
|
|
|a Москва
|c Политиздат
|d 1989
|
| 215 |
|
|
|a 431 с.
|
| 606 |
1 |
|
|a Научный коммунизм
|x Социальная философия
|2 stltpush
|3 (RuTPU)RU\TPU\subj\71681
|9 85472
|
| 610 |
1 |
|
|a словари
|
| 610 |
1 |
|
|a понятия
|
| 610 |
1 |
|
|a буржуазная идеология
|
| 610 |
1 |
|
|a антикоммунистическое движение
|
| 610 |
1 |
|
|a марксизм-ленинизм
|
| 610 |
1 |
|
|a социально-экономическое развитие
|
| 610 |
1 |
|
|a перестройка
|
| 686 |
|
|
|a Ю621.18
|v LBC/SL-A
|2 rubbk
|
| 702 |
|
1 |
|a Афанасьев
|b В. Г.
|4 340
|
| 702 |
|
1 |
|a Калтахчян
|b В. Т.
|4 340
|
| 801 |
|
1 |
|a RU
|b 63413507
|c 20140214
|
| 801 |
|
2 |
|a RU
|b 63413507
|c 20200110
|g RCR
|
| 942 |
|
|
|c BK
|